000
00220 a2200097 4500
001
16668
100
_a
245
_a
James all the world aircraft
260
_a
London
_b
Jane's publishing co ltd
_c
090
_c
12568
_d
12568
942
_a
NUST-CAE
_c
M
_c
2856
999
_c
251741
_d
251741